[Event "Prebor mesta Vsetina 2018"]
[Site "?"]
[Date "2018.07.07"]
[Round "5.13"]
[White "Zadrapa, Radek"]
[Black "Hurtak, Otto"]
[Result "0-1"]
[WhiteElo "2054"]
[BlackElo "1958"]
[PlyCount "78"]
[EventDate "2018.??.??"]

1.d4 d5 2.c4 e6 3.Nf3 c5 4.e3 Nf6 5.Nc3 Nc6 6.cxd5 Nxd5 7.Be2 cxd4 8.exd4 Be7
9.O-O O-O 10.Re1 Bf6 11.Ne4 b6 12.Nxf6+ Nxf6 13.Bg5 Bb7 14.Rc1 Kh8 15.a3 Qd6
16.Bh4 Rfd8 17.Bg3 Qd5 18.Bc4 Qf5 19.b4 Kg8 20.h3 Rac8 21.Re2 Ne7 22.Ne5 Ned5
23.Rec2 Nf4 24.f3 N6h5 25.Bf2 f6 26.Ng4 Nxh3+ 27.gxh3 Rxc4 28.Rxc4 Bxf3 29.Qf1
Bb7 30.Rc7 Bd5 31.Bh4 Qe4 32.Rxg7+ Kxg7 33.Bxf6+ Kg6 34.Ne5+ Kh6 35.Ng4+ Kg6
36.Ne5+ Kh6 37.Bxd8 Qe3+ 38.Qf2 Qxc1+ 39.Kh2 Qh1# 0-1

[Event "Prebor mesta Vsetina 2018"]
[Site "?"]
[Date "2018.07.07"]
[Round "5.14"]
[White "Engert, Marvin"]
[Black "Zavodny, Jaroslav"]
[Result "1-0"]
[WhiteElo "2005"]
[BlackElo "1773"]
[PlyCount "21"]
[EventDate "2018.??.??"]

1.e4 e5 2.b3 Nf6 3.Nc3 Bc5 4.Bb2 O-O 5.Qf3 d5 6.Nxd5 Nxe4 7.Qxe4 f5 8.Qc4
Bxf2+ 9.Kxf2 Be6 10.Bxe5 Bxd5 11.Qxd5+ 1-0

[Event "Prebor mesta Vsetina 2018"]
[Site "?"]
[Date "2018.07.07"]
[Round "5.15"]
[White "Bosak, Jan"]
[Black "Peterka, Josef"]
[Result "1/2-1/2"]
[WhiteElo "2119"]
[BlackElo "1820"]
[PlyCount "50"]
[EventDate "2018.??.??"]

1.c4 e6 2.Nc3 d5 3.d4 c6 4.Nf3 Bd6 5.e4 dxe4 6.Nxe4 Bb4+ 7.Nc3 c5 8.Be2 cxd4
9.Nxd4 Nc6 10.Be3 Bxc3+ 11.bxc3 Nge7 12.O-O O-O 13.Qb3 e5 14.Nb5 Be6 15.Bc5 b6
16.Rfd1 Qc8 17.Bb4 Nxb4 18.cxb4 a6 19.Nd6 Qc7 20.Qe3 f6 21.c5 bxc5 22.Qxc5
Qxc5 23.bxc5 Ra7 24.Bf3 Rc7 25.Nb7 Nf5 1/2-1/2

[Event "Prebor mesta Vsetina 2018"]
[Site "?"]
[Date "2018.07.07"]
[Round "5.16"]
[White "Vantuch, Lucian"]
[Black "Yanjinlkham, Bayarsaikhan"]
[Result "1-0"]
[WhiteElo "1954"]
[BlackElo "1984"]
[PlyCount "87"]
[EventDate "2018.??.??"]

1.e4 g6 2.d4 Bg7 3.f4 d5 4.e5 f6 5.Nf3 Nh6 6.Bd3 O-O 7.O-O Nc6 8.c3 Bg4 9.Nbd2
e6 10.h3 Bxf3 11.Nxf3 f5 12.b4 Ne7 13.a4 a5 14.Ba3 Re8 15.bxa5 Rxa5 16.Qb3 Qa8
17.Rfb1 b6 18.Bb4 Ra7 19.Ra3 Nc8 20.Rba1 c6 21.c4 Nf7 22.a5 bxa5 23.Bc5 Rb7
24.Qa4 Nb6 25.Qxc6 Nxc4 26.Bxc4 Rb1+ 27.Rxb1 Qxc6 28.Bb5 Qb7 29.Rxa5 Ra8 30.
Rba1 Rxa5 31.Rxa5 Nd8 32.Bd6 Bf8 33.Be8 Qb1+ 34.Kh2 Nb7 35.Rb5 Qe4 36.Rxb7
Bxd6 37.exd6 Qxf4+ 38.Kh1 Qxd6 39.Bf7+ Kf8 40.Ng5 Kg7 41.Bxe6+ Kf8 42.Nxh7+
Ke8 43.Nf6+ Kd8 44.Rd7+ 1-0

[Event "Prebor mesta Vsetina 2018"]
[Site "?"]
[Date "2018.07.07"]
[Round "5.17"]
[White "Vraj, Karel"]
[Black "Zgarba, Radek"]
[Result "1-0"]
[WhiteElo "1942"]
[BlackElo "1936"]
[PlyCount "69"]
[EventDate "2018.??.??"]

1.e4 d6 2.d4 Nf6 3.Nc3 Nbd7 4.Be3 e5 5.f3 Be7 6.Nge2 c6 7.g3 O-O 8.Bg2 Re8 9.
O-O Bf8 10.Qd2 Nb6 11.b3 exd4 12.Bxd4 d5 13.exd5 Nfxd5 14.Nxd5 Nxd5 15.Bf2 Bb4
16.Qd3 Nc3 17.Nd4 c5 18.a3 Ba5 19.b4 cxb4 20.Qc4 Bb6 21.Rae1 Be6 22.Nxe6 Bxf2+
23.Kxf2 Qb6+ 24.Nc5 a5 25.Qd4 Rec8 26.axb4 axb4 27.Nb3 Qxd4+ 28.Nxd4 Rd8 29.
Ra1 Rdc8 30.Bh3 Rc4 31.Nb3 Nb5 32.Bf5 Rc3 33.Rfd1 Re8 34.Bd7 Rxc2+ 35.Kg1 1-0

[Event "Prebor mesta Vsetina 2018"]
[Site "?"]
[Date "2018.07.07"]
[Round "5.18"]
[White "Nytra, Ondrej"]
[Black "Hiebert, Kenji"]
[Result "0-1"]
[WhiteElo "1845"]
[BlackElo "1969"]
[PlyCount "32"]
[EventDate "2018.??.??"]

1.e4 c6 2.d4 d5 3.e5 Bf5 4.c3 e6 5.f4 c5 6.Nf3 Nc6 7.a3 Qb6 8.b4 cxd4 9.cxd4
Rc8 10.Bb2 Bg4 11.Be2 Nge7 12.b5 Na5 13.O-O Nf5 14.Qd3 Nc4 15.Bc3 Nfe3 16.Rc1
Bf5 0-1

[Event "Prebor mesta Vsetina 2018"]
[Site "?"]
[Date "2018.07.07"]
[Round "5.19"]
[White "Gratze, Michael"]
[Black "Travnicek, Krystof Mikulas"]
[Result "0-1"]
[WhiteElo "1890"]
[BlackElo "1844"]
[PlyCount "36"]
[EventDate "2018.??.??"]

1.e4 e6 2.d4 d5 3.Nd2 Be7 4.Ngf3 Nf6 5.e5 Nfd7 6.Bd3 c5 7.c3 Nc6 8.h4 Qb6 9.
Bc2 cxd4 10.Qe2 dxc3 11.bxc3 Qc7 12.c4 Ncxe5 13.Ng5 h6 14.Nxe6 fxe6 15.Qh5+
Nf7 16.f4 Qxf4 17.Nf3 Qg3+ 18.Kf1 Nf6 0-1

[Event "Prebor mesta Vsetina 2018"]
[Site "?"]
[Date "2018.07.07"]
[Round "5.20"]
[White "Matus, Filip"]
[Black "Foukal, Jiri"]
[Result "1/2-1/2"]
[WhiteElo "1766"]
[BlackElo "1856"]
[PlyCount "62"]
[EventDate "2018.??.??"]

1.e4 e6 2.d4 d5 3.Nd2 c5 4.exd5 exd5 5.Ngf3 Nf6 6.Bb5+ Bd7 7.Bxd7+ Nbxd7 8.O-O
Be7 9.dxc5 Nxc5 10.Nd4 Qd7 11.N2b3 O-O 12.f3 Rfe8 13.Re1 Bd6 14.Be3 b6 15.Qd2
Rac8 16.c3 a6 17.Bf2 Qc7 18.g3 Qd7 19.Rad1 a5 20.Nc2 Nxb3 21.axb3 Qb5 22.Nd4
Qd7 23.Qd3 Bc5 24.Nf5 Rxe1+ 25.Rxe1 Bxf2+ 26.Kxf2 Re8 27.Rxe8+ Qxe8 28.Ne3 Qd7
29.Qf5 Qc6 30.Qd3 Qe6 31.Qf5 Qc6 1/2-1/2

[Event "Prebor mesta Vsetina 2018"]
[Site "?"]
[Date "2018.07.07"]
[Round "5.21"]
[White "Hrabovsky, Vladimir"]
[Black "Brousek, Jiri"]
[Result "1/2-1/2"]
[WhiteElo "1984"]
[BlackElo "1929"]
[PlyCount "23"]
[EventDate "2018.??.??"]

1.e4 e6 2.d4 d5 3.Nd2 Nf6 4.e5 Nfd7 5.Bd3 c5 6.c3 Nc6 7.Ne2 Qb6 8.Nf3 cxd4 9.
cxd4 f6 10.exf6 Nxf6 11.O-O Bd6 12.Nc3 1/2-1/2

[Event "Prebor mesta Vsetina 2018"]
[Site "?"]
[Date "2018.07.08"]
[Round "6.1"]
[White "Jasny, Stanislav"]
[Black "Vojta, Tomas"]
[Result "1/2-1/2"]
[WhiteElo "2383"]
[BlackElo "2350"]
[PlyCount "63"]

1.d4 d5 2.c4 dxc4 3.Nf3 Nf6 4.e3 Bg4 5.Bxc4 e6 6.h3 Bh5 7.O-O a6 8.Be2 Nc6 9.
b3 Bd6 10.Bb2 O-O 11.Nbd2 Bg6 12.Nh4 Qe7 13.Nxg6 hxg6 14.Bf3 Nd5 15.Ne4 Ba3
16.Bxa3 Qxa3 17.Qc1 Qe7 18.Nc5 Nd8 19.Qb2 c6 20.b4 Rc8 21.Rfc1 Rc7 22.a4 f5
23.b5 a5 24.Bxd5 exd5 25.b6 Rc8 26.Qd2 Ra8 27.Nd3 Nf7 28.Rab1 Ra6 29.Nc5 Raa8
30.Nd3 Ra6 31.Nc5 Raa8 32.Nd3 1/2-1/2

[Event "Prebor mesta Vsetina 2018"]
[Site "?"]
[Date "2018.07.08"]
[Round "6.2"]
[White "Sosna, Jan"]
[Black "Koziol, Kamil"]
[Result "1/2-1/2"]
[WhiteElo "2349"]
[BlackElo "2257"]
[PlyCount "33"]

1.d4 d5 2.Nf3 Nf6 3.Bf4 c5 4.e3 Nc6 5.c3 Qb6 6.Qc2 g6 7.Nbd2 Bf5 8.dxc5 Qxc5
9.Qb3 Na5 10.Bb5+ Bd7 11.Bxd7+ Nxd7 12.Qc2 Nc4 13.O-O Bg7 14.e4 Nxd2 15.Nxd2
d4 16.c4 O-O 17.Nb3 1/2-1/2

[Event "Prebor mesta Vsetina 2018"]
[Site "?"]
[Date "2018.07.08"]
[Round "6.3"]
[White "Havelka, Ondrej"]
[Black "Mudrak, Josef"]
[Result "1/2-1/2"]
[WhiteElo "2124"]
[BlackElo "2264"]
[PlyCount "137"]
[EventDate "2018.??.??"]

1.d4 Nf6 2.c4 g6 3.Nc3 Bg7 4.e4 d6 5.f3 b6 6.Be3 c5 7.Nge2 cxd4 8.Nxd4 O-O 9.
Be2 Bb7 10.O-O Nc6 11.Nc2 Rc8 12.Qd2 Na5 13.b3 a6 14.Rac1 Nd7 15.Na3 Nc6 16.f4
Nc5 17.Bf3 Nb4 18.Nab1 a5 19.Rcd1 Bc6 20.Qe2 Qc7 21.a3 Nba6 22.Nd5 Bxd5 23.
cxd5 Qd7 24.Nd2 b5 25.Rb1 Qb7 26.e5 f5 27.a4 Nb4 28.axb5 Ncd3 29.Nc4 dxe5 30.
fxe5 Qxb5 31.d6 exd6 32.exd6 f4 33.Bf2 Rfe8 34.Qd2 Rcd8 35.Bh4 Bd4+ 36.Kh1 g5
37.Be2 Rxe2 38.Qxe2 gxh4 39.Rbd1 Qf5 40.Rf3 Kf8 41.Rfxd3 Nxd3 42.Qxd3 Qxd3 43.
Rxd3 Bc5 44.d7 Ke7 45.Nxa5 Rxd7 46.Nc6+ Ke8 47.Rxd7 Kxd7 48.Ne5+ Ke6 49.Nf3
Bf2 50.b4 Kd5 51.Ng5 Kc4 52.Nxh7 Kxb4 53.Nf8 Kc4 54.Ng6 Kd3 55.Nxf4+ Ke4 56.
Nh5 Ba7 57.Nf6+ Kf5 58.Nd5 Ke4 59.Nb4 Bc5 60.Nc2 Bf2 61.Na3 Bc5 62.Nc4 Bf2 63.
Nd6+ Ke5 64.Nf7+ Kf6 65.Nd8 Ke5 66.Nb7 Bb6 67.g4 h3 68.g5 Kf5 69.Nd6+ 1/2-1/2

[Event "Prebor mesta Vsetina 2018"]
[Site "?"]
[Date "2018.07.08"]
[Round "6.4"]
[White "Kapusta, Petr"]
[Black "Mica, Marek"]
[Result "1-0"]
[WhiteElo "2179"]
[BlackElo "2180"]
[PlyCount "93"]

1.e4 c6 2.d4 d5 3.Nc3 dxe4 4.Nxe4 Nd7 5.Bd3 Ngf6 6.c3 Nxe4 7.Bxe4 Nf6 8.Bc2
Qc7 9.Ne2 e6 10.Bf4 Bd6 11.Bxd6 Qxd6 12.Qd3 b6 13.O-O-O Bb7 14.f3 O-O-O 15.c4
g6 16.Kb1 Rd7 17.Qc3 Rhd8 18.c5 Qc7 19.Qa3 Kb8 20.Rc1 b5 21.Be4 Nd5 22.Bxd5
Rxd5 23.f4 a5 24.b4 a4 25.Qe3 Bc8 26.Rhd1 Qd7 27.Rd3 f6 28.Rcd1 e5 29.fxe5
fxe5 30.Nc3 e4 31.Qxe4 Rh5 32.h3 Qf5 33.g4 Qxe4 34.Nxe4 Rh4 35.Nd6 Be6 36.Re1
Bd5 37.Re7 h5 38.Rde3 Rf8 39.Rb7+ Ka8 40.Ree7 Rf1+ 41.Kb2 a3+ 42.Kc2 Rf2+ 43.
Kd1 Rf1+ 44.Kd2 Rf2+ 45.Ke1 Re2+ 46.Kxe2 Bf3+ 47.Kf2 1-0

[Event "Prebor mesta Vsetina 2018"]
[Site "?"]
[Date "2018.07.08"]
[Round "6.5"]
[White "Frank, Adam"]
[Black "Weinzettl, Ernst"]
[Result "0-1"]
[WhiteElo "1984"]
[BlackElo "2213"]
[PlyCount "66"]

1.e4 c5 2.Nf3 d6 3.d4 cxd4 4.Nxd4 Nf6 5.Nc3 Bd7 6.Bg5 e6 7.Qd2 a6 8.O-O-O h6
9.Be3 Ng4 10.f4 Nxe3 11.Qxe3 Qb6 12.Qg3 Nc6 13.Nb3 O-O-O 14.Kb1 g5 15.f5 Ne5
16.Be2 Kb8 17.Qh3 Rc8 18.Bg4 h5 19.fxe6 fxe6 20.Be2 Be7 21.g3 a5 22.a4 Rxc3
23.bxc3 Rc8 24.Kb2 g4 25.Qg2 Qc7 26.c4 Nxc4+ 27.Bxc4 Qxc4 28.Qd2 Bf6+ 29.Kb1
Be5 30.Nxa5 Qxa4 31.Nb3 Rc5 32.Rhf1 Rb5 33.Rf8+ Kc7 0-1

[Event "Prebor mesta Vsetina 2018"]
[Site "?"]
[Date "2018.07.08"]
[Round "6.6"]
[White "Belunek, Vladimir"]
[Black "Kovarik, Matyas"]
[Result "1-0"]
[WhiteElo "2212"]
[BlackElo "1860"]
[PlyCount "55"]

1.d4 Nf6 2.c4 g6 3.Nc3 d5 4.Bf4 Bg7 5.e3 O-O 6.Rc1 dxc4 7.Bxc4 a6 8.Nf3 Nbd7
9.h3 c5 10.O-O b5 11.Bb3 Bb7 12.Qe2 cxd4 13.exd4 Rc8 14.Rfe1 Nb6 15.Rcd1 Nbd5
16.Nxd5 Bxd5 17.Bxd5 Nxd5 18.Bg5 Qa5 19.a3 Rc6 20.Qe4 e6 21.Ne5 Rc7 22.Nd3 Rc2
23.Rc1 Rfc8 24.Rxc2 Rxc2 25.Qxd5 h6 26.Qb3 Rc4 27.Be3 Bxd4 28.Bxh6 1-0

[Event "Prebor mesta Vsetina 2018"]
[Site "?"]
[Date "2018.07.08"]
[Round "6.7"]
[White "Mulenko, Alexander"]
[Black "Gnojek, Petr"]
[Result "1/2-1/2"]
[WhiteElo "2109"]
[BlackElo "1962"]
[PlyCount "154"]
[EventDate "2018.??.??"]

1.d4 f5 2.Nc3 d5 3.Bf4 a6 4.e3 Nf6 5.Bd3 e6 6.Nf3 c5 7.dxc5 Bxc5 8.O-O Nc6 9.
Ne5 O-O 10.Nxc6 bxc6 11.Na4 Be7 12.c4 Nd7 13.cxd5 cxd5 14.Rc1 Bb7 15.Qb3 Bc8
16.Rc6 e5 17.Qxd5+ Kh8 18.Rc3 Rb8 19.Bxe5 Nxe5 20.Qxe5 Bd6 21.Qd4 Bb7 22.Nc5
Bxc5 23.Qxc5 Rc8 24.Qb4 Rxc3 25.bxc3 Rf7 26.Qf4 Rd7 27.Be2 Rd2 28.Bf3 Bxf3 29.
Qxf3 g6 30.a4 Qc8 31.Rc1 Qc4 32.a5 Rd5 33.h3 Rxa5 34.Qb7 Rc5 35.Rd1 Rc7 36.Qb4
Qxb4 37.cxb4 Rb7 38.Rd4 Kg7 39.g4 Rb5 40.g5 a5 41.bxa5 Rxa5 42.Rd7+ Kg8 43.Kg2
Re5 44.Kg3 Re4 45.Rd4 Re7 46.Kf4 Kf7 47.f3 Ke6 48.Rb4 Rf7 49.h4 Kd5 50.Ra4 Ke6
51.Ra6+ Kd5 52.Ra5+ Ke6 53.Re5+ Kd6 54.h5 Ra7 55.Re8 Ra4+ 56.Kg3 gxh5 57.Rf8
Ke5 58.Rf7 h4+ 59.Kh3 Ra3 60.Rxh7 f4 61.Kg4 fxe3 62.f4+ Kd6 63.Rxh4 e2 64.Rh1
Re3 65.Re1 Ke6 66.f5+ Ke5 67.f6 Ke6 68.Kf4 Re5 69.f7 Rf5+ 70.Kg4 Rf1 71.f8=Q
Rxf8 72.Rxe2+ Kf7 73.Ra2 Rb8 74.Kh5 Rh8+ 75.Kg4 Rh1 76.Ra7+ Kg6 77.Ra6+ Kg7
1/2-1/2

[Event "Prebor mesta Vsetina 2018"]
[Site "?"]
[Date "2018.07.08"]
[Round "6.8"]
[White "Zvolensky, David"]
[Black "Hurtak, Otto"]
[Result "1/2-1/2"]
[WhiteElo "2040"]
[BlackElo "1958"]
[PlyCount "61"]

1.e4 c5 2.b3 Nc6 3.Bb2 e5 4.Bc4 d6 5.Nf3 Be7 6.O-O Nf6 7.Qe2 O-O 8.c3 Be6 9.
Na3 d5 10.Bxd5 Nxd5 11.exd5 Bxd5 12.Nxe5 Nxe5 13.Qxe5 Bd6 14.Qh5 g6 15.Qh6 Be5
16.Rfe1 Qf6 17.d4 cxd4 18.cxd4 Bxd4 19.Bxd4 Qxd4 20.Rad1 Qc5 21.Qc1 Qxc1 22.
Rxc1 Rac8 23.f3 a6 24.Nc2 Rfd8 25.Nd4 Kf8 26.Kf2 Rxc1 27.Rxc1 Ke7 28.Ke3 h6
29.h3 Kd6 30.Kf4 Re8 31.a3 1/2-1/2

[Event "Prebor mesta Vsetina 2018"]
[Site "?"]
[Date "2018.07.08"]
[Round "6.9"]
[White "Engert, Marvin"]
[Black "Mostek, Jan"]
[Result "1/2-1/2"]
[WhiteElo "2005"]
[BlackElo "1810"]
[PlyCount "130"]
[EventDate "2018.??.??"]

1.e4 e6 2.d4 d5 3.Nd2 a6 4.Ngf3 c5 5.exd5 exd5 6.Be2 Nf6 7.O-O Be7 8.dxc5 Bxc5
9.Nb3 Bb6 10.Bg5 O-O 11.c3 Be6 12.Qc2 h6 13.Bh4 g5 14.Bg3 Nc6 15.Rad1 Ne4 16.
Nfd4 Qe7 17.Kh1 f5 18.f3 Nxg3+ 19.hxg3 Rae8 20.f4 g4 21.Rfe1 Qf7 22.Bd3 Qh5+
23.Kg1 Bc8 24.Kf2 a5 25.a4 Bd7 26.Rd2 Rxe1 27.Kxe1 Qh1+ 28.Kf2 Re8 29.Re2
Rxe2+ 30.Qxe2 Qh5 31.Ke1 Qf7 32.Nb5 Qe7 33.Qxe7 Nxe7 34.N3d4 Kg7 35.Nd6 Bxd4
36.cxd4 b6 37.Kd2 Kf6 38.Nb5 Bxb5 39.Bxb5 Nc8 40.Ba6 Nd6 41.Ke3 Ke7 42.b3 h5
43.Kd3 Kd8 44.Ke3 Kc7 45.Bb5 Ne4 46.Be8 Nxg3 47.Bg6 Kd6 48.Bf7 h4 49.Be8 Ne4
50.Bb5 Ke6 51.Ba6 Nd6 52.Bb5 Nxb5 53.axb5 g3 54.Ke2 Kf6 55.Ke3 Kg6 56.Ke2 Kh5
57.Kf3 Kg6 58.Ke3 Kf6 59.Ke2 Ke6 60.Ke3 Kd6 61.Ke2 Ke6 62.Ke3 Kf7 63.Ke2 Kg7
64.Ke3 Kg6 65.Ke2 Kh5 1/2-1/2

[Event "Prebor mesta Vsetina 2018"]
[Site "?"]
[Date "2018.07.08"]
[Round "6.10"]
[White "Laurincova, Kristyna"]
[Black "Kersten, Julian"]
[Result "1/2-1/2"]
[WhiteElo "1944"]
[BlackElo "1979"]
[PlyCount "100"]
[EventDate "2018.??.??"]

1.e4 e6 2.d4 d5 3.Nd2 c5 4.exd5 Qxd5 5.Ngf3 cxd4 6.Bc4 Qd7 7.O-O a6 8.a4 Nc6
9.Nb3 Qc7 10.Nbxd4 Bd7 11.Qe2 Nxd4 12.Nxd4 Bd6 13.h3 Ne7 14.Re1 O-O 15.Bg5 Ng6
16.Rad1 e5 17.Nf3 Bxa4 18.b3 Bc6 19.Nh4 Nxh4 20.Bxh4 Rae8 21.Qh5 b5 22.Bd3 e4
23.Bf1 f5 24.c4 Bb4 25.cxb5 Bxb5 26.Bxb5 axb5 27.Rc1 Qe5 28.Re2 Rc8 29.Rec2
Rxc2 30.Rxc2 Qa1+ 31.Kh2 Bd6+ 32.Bg3 Bxg3+ 33.fxg3 Qe5 34.b4 e3 35.Rc5 Qe4 36.
Qe2 f4 37.gxf4 Qxf4+ 38.Kg1 Ra8 39.Rc1 Qe5 40.Qf3 Re8 41.Qe2 h6 42.Rc5 Qa1+
43.Kh2 Qd4 44.Qxb5 Qf4+ 45.Kh1 Rf8 46.Re5 Ra8 47.Qd5+ Kh7 48.Qe4+ Qxe4 49.Rxe4
Ra1+ 50.Kh2 Rb1 1/2-1/2

[Event "Prebor mesta Vsetina 2018"]
[Site "?"]
[Date "2018.07.08"]
[Round "6.11"]
[White "Horak, Martin"]
[Black "Vraj, Karel"]
[Result "1/2-1/2"]
[WhiteElo "2284"]
[BlackElo "1942"]
[PlyCount "92"]
[EventDate "2018.??.??"]

1.d4 d5 2.c4 e6 3.Nf3 Nf6 4.g3 Be7 5.Bg2 O-O 6.O-O c6 7.Qc2 Nbd7 8.Rd1 b6 9.
Nc3 Bb7 10.b3 Rc8 11.Bb2 Qc7 12.Rac1 Qb8 13.e4 Nxe4 14.Nxe4 dxe4 15.Qxe4 c5
16.Qe2 Bf6 17.Rc2 Rfd8 18.Rcd2 cxd4 19.Bxd4 Qa8 20.Qe3 Bxd4 21.Rxd4 Nf6 22.Nh4
Bxg2 23.Nxg2 Rxd4 24.Qxd4 h6 25.Ne3 Qf3 26.Qd3 Ne4 27.Ng4 Qxg4 28.f3 Qf5 29.
Qxe4 Qxe4 30.fxe4 Rc7 31.Kf2 Kf8 32.Kf3 Ke7 33.e5 Rc5 34.Kf4 f6 35.Re1 Ra5 36.
Re2 Rc5 37.h4 Rc8 38.Ke3 fxe5 39.Ke4 Rf8 40.Kxe5 Rf3 41.Rg2 Rf1 42.Rc2 Rf3 43.
g4 Rf1 44.Ke4 Rh1 45.h5 Rg1 46.Kf4 Rf1+ 1/2-1/2

[Event "Prebor mesta Vsetina 2018"]
[Site "?"]
[Date "2018.07.08"]
[Round "6.12"]
[White "Matejovsky, Ondrej"]
[Black "Pycha, Patrik"]
[Result "1-0"]
[WhiteElo "2028"]
[BlackElo "2097"]
[PlyCount "77"]
[EventDate "2018.??.??"]

1.e4 e5 2.Nc3 Nf6 3.Nf3 Nc6 4.d4 exd4 5.Nxd4 Bb4 6.Nxc6 bxc6 7.Bd3 d5 8.exd5
cxd5 9.O-O O-O 10.Bg5 c6 11.Qf3 h6 12.Bxf6 Qxf6 13.Qxf6 gxf6 14.Ne2 Re8 15.Ng3
Be6 16.Nh5 Be7 17.Rfe1 Kh8 18.Re3 Bg4 19.Rae1 Bxh5 20.Rxe7 Rxe7 21.Rxe7 c5 22.
b3 c4 23.bxc4 dxc4 24.Bxc4 Rc8 25.Bb3 a5 26.f3 Kg7 27.Ra7 Rc5 28.Kf2 Bg6 29.
Ke3 a4 30.Rxa4 Bxc2 31.Rc4 Re5+ 32.Kf2 Bd3 33.Rc7 Re2+ 34.Kg3 Bg6 35.a4 Rb2
36.Bc4 Rc2 37.a5 Bd3 38.Rxf7+ Kg8 39.Bxd3 1-0

[Event "Prebor mesta Vsetina 2018"]
[Site "?"]
[Date "2018.07.08"]
[Round "6.13"]
[White "Jin, Yueheng"]
[Black "Vantuch, Lucian"]
[Result "1-0"]
[WhiteElo "1713"]
[BlackElo "1954"]
[PlyCount "137"]
[EventDate "2018.??.??"]

1.d4 Nf6 2.c4 e6 3.Nf3 Bb4+ 4.Bd2 c5 5.e3 O-O 6.Be2 b6 7.O-O Bb7 8.Nc3 d6 9.
Bd3 Bxc3 10.Bxc3 Ne4 11.Be1 f5 12.Nd2 Nd7 13.f3 Nxd2 14.Bxd2 cxd4 15.exd4 f4
16.Qc2 Qh4 17.Be1 Qh5 18.Bb4 Rf6 19.Bxd6 e5 20.dxe5 Rh6 21.h3 Nxe5 22.Bxe5
Qxe5 23.Be4 Bxe4 24.Qxe4 Re8 25.Qxe5 Rxe5 26.Rfe1 Rhe6 27.Kf2 Rxe1 28.Rxe1 Rd6
29.Ke2 Rg6 30.Kf2 Rd6 31.Re2 Rd1 32.g3 g5 33.Kg2 Kf7 34.gxf4 gxf4 35.b4 Kf6
36.b5 h6 37.Rc2 Ra1 38.h4 h5 39.Rd2 Rc1 40.Rd6+ Kf5 41.Rh6 Rxc4 42.Rxh5+ Kf6
43.Kh3 Ra4 44.Kg4 Rxa2 45.Kxf4 Ra4+ 46.Kg3 Rc4 47.Rg5 Rc1 48.f4 Rg1+ 49.Kf3
Rf1+ 50.Ke3 Re1+ 51.Kf2 Rc1 52.h5 Ra1 53.Ke3 Re1+ 54.Kf2 Ra1 55.Kg2 Rd1 56.h6
Rd7 57.Rh5 Kg6 58.h7 Rxh7 59.Rxh7 Kxh7 60.f5 Kh6 61.Kf3 Kg5 62.Ke4 Kf6 63.Kf4
Kf7 64.Ke5 Ke7 65.f6+ Kf7 66.Kf5 Kf8 67.Ke6 Ke8 68.f7+ Kf8 69.Kf6 1-0

[Event "Prebor mesta Vsetina 2018"]
[Site "?"]
[Date "2018.07.08"]
[Round "6.14"]
[White "Hiebert, Kenji"]
[Black "Vojta, Jakub"]
[Result "0-1"]
[WhiteElo "1969"]
[BlackElo "2124"]
[PlyCount "70"]
[EventDate "2018.??.??"]

1.e4 c5 2.Nf3 d6 3.Bb5+ Nd7 4.O-O Nf6 5.Re1 a6 6.Bd3 Qc7 7.c3 g6 8.Bc2 Bg7 9.
d4 O-O 10.Nbd2 b5 11.Nf1 Bb7 12.Ng3 Rac8 13.Bd3 Rfd8 14.Bd2 Nf8 15.Qe2 e5 16.
a4 c4 17.Bc2 Ne6 18.h3 Nd7 19.Be3 d5 20.Red1 Nf4 21.Qd2 dxe4 22.Bxe4 Nc5 23.
Bc2 Nxh3+ 24.gxh3 Bxf3 25.Re1 Qd7 26.Kh2 Ne6 27.Bh6 exd4 28.Bxg7 Kxg7 29.cxd4
Qxd4 30.Qe3 Qxe3 31.Rxe3 Rd2 32.Rxf3 Rxc2 33.axb5 axb5 34.Ra7 Rc7 35.Rxc7 Nxc7
0-1

[Event "Prebor mesta Vsetina 2018"]
[Site "?"]
[Date "2018.07.08"]
[Round "6.15"]
[White "Vraj, Ondrej"]
[Black "Bosak, Jan"]
[Result "1/2-1/2"]
[WhiteElo "1891"]
[BlackElo "2119"]
[PlyCount "97"]
[EventDate "2018.??.??"]

1.e4 e6 2.Nc3 d5 3.g3 Nf6 4.Bg2 c5 5.d3 Nc6 6.f4 dxe4 7.Nxe4 Be7 8.c3 Qc7 9.
Nf3 b6 10.Ne5 Bb7 11.Qe2 Rd8 12.O-O O-O 13.Nxc6 Bxc6 14.Be3 Qb7 15.Nxf6+ Bxf6
16.Bxc6 Qxc6 17.Rfd1 Rd7 18.Rd2 Rfd8 19.Rad1 Qb5 20.Kf1 Kf8 21.d4 Qxe2+ 22.
Kxe2 cxd4 23.Bxd4 Bxd4 24.Rxd4 Rxd4 25.cxd4 Ke7 26.Ke3 Kd6 27.Rc1 h5 28.h3 f5
29.h4 Kd7 30.Kd3 a6 31.b3 Ra8 32.Rc4 Ra7 33.Kc3 Kd6 34.Kd3 Rc7 35.Rxc7 Kxc7
36.Kc4 Kc6 37.a4 Kd6 38.Kc3 Kd5 39.Kd3 a5 40.Ke3 Kc6 41.Kd3 b5 42.axb5+ Kxb5
43.Kc3 Kb6 44.Kd3 Kc7 45.Kc3 Kd6 46.Kd3 Kd5 47.Ke3 Kc6 48.Kd3 Kb5 49.Kc3
1/2-1/2

[Event "Prebor mesta Vsetina 2018"]
[Site "?"]
[Date "2018.07.08"]
[Round "6.16"]
[White "Travnicek, Krystof Mikulas"]
[Black "Zadrapa, Radek"]
[Result "1-0"]
[WhiteElo "1844"]
[BlackElo "2054"]
[PlyCount "100"]
[EventDate "2018.??.??"]

1.c4 c5 2.Nc3 Nf6 3.Nf3 g6 4.d4 cxd4 5.Nxd4 Nc6 6.e4 d6 7.Be2 Bg7 8.Be3 O-O 9.
O-O Bd7 10.Qd2 Ng4 11.Bxg4 Bxg4 12.f3 Bd7 13.Rac1 Re8 14.Rfd1 Qa5 15.Nd5 Qxd2
16.Rxd2 Rac8 17.Nb5 b6 18.b3 f5 19.Rf1 fxe4 20.fxe4 Rf8 21.Nd4 Rxf1+ 22.Kxf1
Rf8+ 23.Ke1 Rf7 24.Nxc6 Bxc6 25.Bd4 Bxd4 26.Rxd4 Kf8 27.Rd2 e6 28.Nc3 Ke7 29.
b4 Rf4 30.Ke2 Rh4 31.h3 g5 32.Kf3 Rf4+ 33.Ke3 Rf1 34.Kd3 h5 35.Ke2 Rf4 36.Ke3
Rf1 37.Ke2 Rf4 38.Ke3 h4 39.Rf2 Rxf2 40.Kxf2 Kf6 41.g3 hxg3+ 42.Kxg3 Ke5 43.
Kg4 Bxe4 44.Nxe4 Kxe4 45.Kxg5 b5 46.c5 dxc5 47.bxc5 Kd5 48.h4 e5 49.c6 Kxc6
50.h5 Kd5 1-0

[Event "Prebor mesta Vsetina 2018"]
[Site "?"]
[Date "2018.07.08"]
[Round "6.17"]
[White "Peterka, Josef"]
[Black "Yanjinlkham, Bayarsaikhan"]
[Result "0-1"]
[WhiteElo "1820"]
[BlackElo "1984"]
[PlyCount "80"]
[EventDate "2018.??.??"]

1.d4 d5 2.e3 Nf6 3.Bd3 g6 4.Nd2 Nbd7 5.f4 Bg7 6.Ngf3 c5 7.c3 a6 8.O-O b5 9.Ne5
Bb7 10.Qf3 e6 11.a3 c4 12.Bc2 a5 13.e4 O-O 14.Nxd7 Nxd7 15.e5 Qb6 16.Kh1 b4
17.g4 f6 18.Qe2 b3 19.Bd1 fxe5 20.fxe5 Bxe5 21.Nf3 Bg7 22.Be3 Qd6 23.Kg1 e5
24.dxe5 Nxe5 25.Nd4 Rxf1+ 26.Qxf1 Rf8 27.Qg2 Qe7 28.Qg3 Nf3+ 29.Nxf3 Qxe3+ 30.
Qf2 Qxf2+ 31.Kxf2 d4 32.Be2 Bxf3 33.Bxf3 dxc3 34.bxc3 Bxc3 35.Rb1 b2 36.Kg2
Rd8 37.Kf1 Be5 38.h4 c3 39.Bd1 Rxd1+ 40.Rxd1 c2 0-1

[Event "Prebor mesta Vsetina 2018"]
[Site "?"]
[Date "2018.07.08"]
[Round "6.18"]
[White "Zavodny, Jaroslav"]
[Black "Gratze, Michael"]
[Result "1-0"]
[WhiteElo "1773"]
[BlackElo "1890"]
[PlyCount "101"]
[EventDate "2018.??.??"]

1.Nf3 Nf6 2.c4 g6 3.b3 Bg7 4.Bb2 O-O 5.d3 c5 6.g3 Nc6 7.Bg2 a6 8.O-O b5 9.Ne5
Bb7 10.Nxc6 Bxc6 11.Bxc6 dxc6 12.Nd2 Qd7 13.Kg2 Rad8 14.Qc2 Rfe8 15.Rac1 b4
16.Bxf6 exf6 17.Ne4 Qe7 18.Rfe1 f5 19.Nd2 Rd6 20.e4 Re6 21.Nf3 fxe4 22.Rxe4
Rxe4 23.dxe4 Qxe4 24.Qxe4 Rxe4 25.Re1 Rxe1 26.Nxe1 Bd4 27.g4 f6 28.f4 f5 29.h3
fxg4 30.hxg4 Kf7 31.Kf3 Ke6 32.Ke4 h5 33.f5+ gxf5+ 34.gxf5+ Kf7 35.Nf3 Bf6 36.
Kf4 Ke7 37.Nd2 Kf7 38.Ne4 Be7 39.Ke5 h4 40.f6 Bf8 41.Kf5 Bh6 42.Nd6+ Kf8 43.
Kg4 h3 44.Kxh3 Bf4 45.Ne4 Kf7 46.Kg4 Be3 47.Kf5 Bd4 48.Nd6+ Kf8 49.Ke6 Bc3 50.
Nb7 Bd4 51.Na5 1-0

[Event "Prebor mesta Vsetina 2018"]
[Site "?"]
[Date "2018.07.08"]
[Round "6.19"]
[White "Zgarba, Radek"]
[Black "Matus, Filip"]
[Result "1-0"]
[WhiteElo "1938"]
[BlackElo "1766"]
[PlyCount "49"]
[EventDate "2018.??.??"]

1.Nf3 Nf6 2.g3 d5 3.Bg2 c6 4.O-O Bf5 5.d4 e6 6.c4 Bd6 7.b3 O-O 8.Bb2 Nbd7 9.
Nbd2 Re8 10.Ne5 Ng4 11.e4 Ngxe5 12.dxe5 Bxe5 13.Bxe5 Nxe5 14.exf5 exf5 15.cxd5
cxd5 16.Nf3 Ng6 17.Qd3 Qd7 18.Rad1 Rad8 19.Rfe1 Rxe1+ 20.Nxe1 Ne7 21.Nc2 g6
22.Ne3 d4 23.Nc2 Nc6 24.Bxc6 Qxc6 25.Nxd4 1-0

[Event "Prebor mesta Vsetina 2018"]
[Site "?"]
[Date "2018.07.08"]
[Round "6.20"]
[White "Foukal, Jiri"]
[Black "Hrabovsky, Vladimir"]
[Result "0-1"]
[WhiteElo "1856"]
[BlackElo "1984"]
[PlyCount "48"]
[EventDate "2018.??.??"]

1.e4 c5 2.g3 Nc6 3.Bg2 g6 4.Ne2 Bg7 5.O-O d6 6.c3 e5 7.d3 Nge7 8.Nd2 O-O 9.Nc4
Be6 10.Ne3 d5 11.c4 d4 12.Nd5 f5 13.f4 fxe4 14.Nxe7+ Qxe7 15.Bxe4 Rac8 16.Bd2
Bf5 17.Bxf5 Rxf5 18.fxe5 Rxf1+ 19.Kxf1 Rf8+ 20.Kg2 Nxe5 21.Bf4 Ng4 22.Qd2 g5
23.Bxg5 Rf2+ 24.Kh3 Qd7 0-1

[Event "Prebor mesta Vsetina 2018"]
[Site "?"]
[Date "2018.07.08"]
[Round "6.21"]
[White "Nytra, Ondrej"]
[Black "Brousek, Jiri"]
[Result "0-1"]
[WhiteElo "1845"]
[BlackElo "1929"]
[PlyCount "58"]
[EventDate "2018.??.??"]

1.e4 e6 2.d4 d5 3.e5 c5 4.c3 Nc6 5.Nf3 Qb6 6.a3 f6 7.Be2 Bd7 8.O-O fxe5 9.dxe5
Nge7 10.b4 Ng6 11.Bd3 Ncxe5 12.Nxe5 Nxe5 13.Qh5+ Nf7 14.Re1 Be7 15.Be3 g6 16.
Qe2 O-O 17.Qc2 Kg7 18.Nd2 Qc7 19.Nf3 e5 20.Be2 cxb4 21.axb4 d4 22.Nxd4 exd4
23.Bxd4+ Bf6 24.Bxa7 Qxc3 25.Qb1 Qxa1 26.Qxa1 Bxa1 27.Rxa1 Rfe8 28.Kf1 Kg8 29.
Bc4 Re4 0-1